1830 1772 1382 1815 1669 1691 1309 1241 1984 1235 1943 1066 1327 1630 1202 1121 1110 1449 1669 1623 1881 1399 1484 1753 1264 1426 1230 1352 1744 1190 1290 1978 1204 1893 1690 1210 1829 1759 1250 1780 1499 1721 1699 1287 1055 1388 1790 1746 1792 1867 1153 1050 1687 1294 1321 1450 1280 1550 1245 1421 1315 1646 1174 1098 1029 1448 1041 1164 1308 1664 1533 1450 1286 1791 1838 1832 1020 1257 1870 1162 1320 1081 1108 1089 1704 1046 1869 1048 1497 1686 1051 1488 1997 1268 1099 1765 1040 1781 1091 BCNSPRNW ULIB Ver.6.0+V

เปลี่ยนเป็นภาษาไทย

Change to English
 แสดงรายละเอียดบรรณานุกรม
  กลับหน้าหลัก

Brief Record : Get Marc (ISO 2709) : E-mail record : QR code < ปิดหน้าต่าง
LEADER : 00000nam 2200000uu 4500
001    13399120886
003     ULIB
008    121022s2555||||th 000 0 tha d
099    วจ.WM270^bน196ผ
100 0  นภา ทองกิจ และคนอื่นๆ
245 00 ผลการให้บริการวิชาการความรู้เรื่องยาเสพติดให้โทษ ของนักเรียนมัธยมศึกษาตอนต้น โรงเรียนหนองพระพิทยา อำเภอวังทอง จังหวัดพิษณุโลก/^cนภา ทองกิจ และคนอื่นๆ
260    พิษณุโลก:^bวิทยาลัยการสาธารณสุขสิรินธร จังหวัดพิษณุโลก,^c2555
300    58 แผ่น,ภาคผนวก
650  7 ยาเสพติด^xวิจัย
945    ^p0^l0^i032860
995    เกษร
999    ^aใช้งานได้ทุกระบบ
รายการนี้ยังไม่มีแท็ก
คุณยังไม่ได้ล็อกอิน คุณสามารถมีกิจกรรมร่วมกับเว็บไซต์ได้ แต่ต้องล็อกอินก่อน ::
  ล็อกอิน

รายการสื่อสารสนเทศ

ลำดับที่ ประเภท เลขเรียก/บาร์โค้ด สถานที่ สถานะ
1. งานวิจัย
งานวิจัย
วจ.WM270 น196ผ  
  Barcode: 032860
ห้องสมุดวิทยาเขตสวรรค์ประชารักษ์
►วิจัย
บนชั้น

รายการใกล้เคียง
    ผู้แต่ง [นภา ทองกิจ และคนอื่นๆ]

BibComment


ยังไม่เคยถูกคอมเมนท์

คอมเมนท์ทรัพยากรรายการนี้
  คอมเมนท์: ผลการให้บริการวิช..


 Copyright 2026. Bcnsprnw @Library